| 000 | 00843nam a2200265 a 4500 | ||
|---|---|---|---|
| 001 | 833 | ||
| 003 | BR-CuiBMT | ||
| 005 | 20231129063832.0 | ||
| 008 | 231121s2016 baba 000 0 por d | ||
| 020 | _a9788544206836 | ||
| 040 |
_aBR-CuiBMT _cBR-CuiBMT |
||
| 080 |
_22007 _a342.8 |
||
| 090 |
_a342.8 _bA447c _c10. ed. |
||
| 100 | 1 | _aAlmeida, Roberto Moreira de | |
| 245 | 1 | 0 |
_aCurso de direito eleitoral / _cRoberto Moreira de Almeida. |
| 250 | _a10. ed., rev., ampl. e atual. | ||
| 260 |
_aSalvador : _bJusPODIVM , _c2016. |
||
| 300 |
_a896 p. : _bil. ; _c24 cm |
||
| 500 | _aInformações na capa: De acordo com o novo CPC e as Leis 13.107 e 13.165, de 2015. | ||
| 504 | _aInclui bibliografia. | ||
| 650 |
_aDireito eleitoral _zBrasil |
||
| 650 | _aLegislação eleitoral | ||
| 650 | _aMinistério público eleitoral | ||
| 942 |
_2udc _cLV |
||
| 999 |
_c833 _d833 |
||